|
|
|
|
| LEADER |
00592cam a2200157 a 4500 |
| 020 |
|
|
|a 1905422180 (hbk.)
|
| 082 |
0 |
4 |
|a 934
|b LAH/F
|
| 100 |
1 |
|
|a Lahiri, Nayanjot.
|
| 245 |
1 |
0 |
|a Finding forgotten cities :
|b how the Indus civilization was discovered /
|
| 260 |
|
|
|a London ;
|a New York :
|b Seagull,
|c [2006].
|
| 300 |
|
|
|a xv, 354 p., [40] p. of plates :
|
| 650 |
|
0 |
|a Indus civilization.
|
| 650 |
|
0 |
|a Archaeology
|z India
|
| 942 |
|
|
|c BK
|
| 999 |
|
|
|c 96114
|d 96114
|
| 952 |
|
|
|0 0
|1 0
|4 0
|6 934_000000000000000_LAH_F
|7 0
|9 88891
|a SSS
|b SSS
|c GEN
|d 2011-08-26
|g 750.00
|l 1
|o 934 LAH/F
|p SSS04751
|r 2014-09-18
|s 2014-08-25
|w 2011-08-26
|y BK
|